| 000 | 00548cam a2200193 4500500 | ||
|---|---|---|---|
| 005 | 20260329001657.0 | ||
| 041 | _afre | ||
| 042 | _adc | ||
| 100 | 1 | 0 |
_aLegros, Martin _eauthor |
| 245 | 0 | 0 | _aL’argent, totem ou tabou ? |
| 260 | _c2008. | ||
| 500 | _a65 | ||
| 690 | _aArgent | ||
| 690 | _aTabou | ||
| 690 | _aTotem | ||
| 690 | _aValeur | ||
| 786 | 0 | _nPhilosophie magazine | 23 | 10 | 2008-10-01 | p. 15-15 | 1951-1787 | |
| 856 | 4 | 1 | _uhttps://shs.cairn.info/magazine-philosophie-magazine-2008-10-page-15?lang=fr&redirect-ssocas=7080 |
| 999 |
_c1807612 _d1807612 |
||